Historia en cuentos 2; (Registro nro. 16199)

000 -CABECERA
campo de control de longitud fija 01339nam a22002417a 4500
003 - IDENTIFICADOR DEL NÚMERO DE CONTROL
campo de control OSt
005 - FECHA Y HORA DE LA ÚLTIMA TRANSACCIÓN
campo de control 20260319194416.0
008 - DATOS DE LONGITUD FIJA--INFORMACIÓN GENERAL
campo de control de longitud fija 260319b ||||| |||| 00| 0 spa d
020 ## - NÚMERO INTERNACIONAL ESTÁNDAR DEL LIBRO
Número Internacional Estándar del Libro 9789583059254
040 ## - FUENTE DE LA CATALOGACIÓN
Centro/agencia transcriptor CO-Mq BPB
041 ## - CÓDIGO DE LENGUA
Código de lengua del texto/banda sonora o título independiente Spa
082 ## - NÚMERO DE LA CLASIFICACIÓN DECIMAL DEWEY
Número de clasificación C
Número de documento/Ítem CABh
100 ## - ENTRADA PRINCIPAL--NOMBRE DE PERSONA
Nombre de persona Caballero Calderon, Eduardo
Término indicativo de función/relación autor
245 ## - MENCIÓN DE TÍTULO
Título Historia en cuentos 2;
Resto del título La conquista de ElDorado, los tres capitanes y la varita mágica
264 ## - PRODUCCIÓN, PUBLICACIÓN, DISTRIBUCIÓN, FABRICACIÓN Y COPYRIGHT
Producción, publicación, distribución, fabricación y copyright Bogotá;
Nombre del de productor, editor, distribuidor, fabricante Panamericana,
Fecha de producción, publicación, distribución, fabricación o copyright 2020
300 ## - DESCRIPCIÓN FÍSICA
Extensión 68 páginas;
Otras características físicas Tapa dura, ilustraciones a color,
Dimensiones 20cm
521 ## - NOTA DE PÚBLICO DESTINATARIO
Nota de público destinatario En este volumen se narran episodios relacionados con la conquista del territorio colombiano, especialmente el encuentro de los conquistadores Jiménez de Quesada, Belalcázar y Federmán en la sabana de Bacatá, así como la fundación de Santafé de Bogotá.<br/><br/>La historia se cuenta a través de un personaje ficticio, Santiaguillo, un joven indígena muisca que acompaña a los españoles en su recorrido. Gracias a su perspectiva, el lector puede ver los hechos tanto desde el punto de vista europeo como indígena.
650 ## - PUNTO DE ACCESO ADICIONAL DE MATERIA--TÉRMINO DE MATERIA
Término de materia o nombre geográfico como elemento de entrada Conquista de América (especialmente Colombia)
650 ## - PUNTO DE ACCESO ADICIONAL DE MATERIA--TÉRMINO DE MATERIA
Término de materia o nombre geográfico como elemento de entrada Encuentro entre culturas (indígenas y españoles)
650 ## - PUNTO DE ACCESO ADICIONAL DE MATERIA--TÉRMINO DE MATERIA
Término de materia o nombre geográfico como elemento de entrada Identidad y origen de los pueblos hispanoamericanos
700 ## - PUNTO DE ACCESO ADICIONAL--NOMBRE DE PERSONA
Nombre de persona Torres, Nora Estela
Término indicativo de función/relación ilustradora
942 ## - ELEMENTOS DE PUNTO DE ACCESO ADICIONAL (KOHA)
Fuente del sistema de clasificación o colocación
Tipo de ítem Koha Libro Literatura
Existencias
Estado de retiro Estado de pérdida Fuente del sistema de clasificación o colocación Estado dañado No para préstamo Código de colección Localización permanente Ubicación/localización actual Ubicación en estantería Fecha de adquisición Fuente de adquisición Número de inventario Total de préstamos Signatura topográfica completa Código de barras En préstamo Fecha visto por última vez Fecha del último préstamo Número de copia Precio válido a partir de Tipo de ítem Koha Nota pública
          Literatura Infantil Biblioteca Pública San Juan Bosco Biblioteca Pública San Juan Bosco Literatura 19/03/2026 Compra 2025 NT 1 C CABh MOS504779 15/06/2026 28/05/2026 28/05/2026 Ej.1 19/03/2026 Libro Literatura Quince dias

© Todos los derechos reservados para la Biblioteca Pública Municipal San Juan Bosco, 2020
Secretaria de Cultura de Mosquera
Carrera 3 N° 10 Esquina Centro Cultural Barrio El Carmén Teléfono: 8270830 Ext: 34
Funcionando con KOHA
Contacto: Biblioteca Pública Municipal San Juan Bosco/ bibliotecasanjuanbosco@mosquera-cundinamarca.gov.co
Mosquera, Cundinamarca